| 000 | 00532nam a2200181Ia 4500 | ||
|---|---|---|---|
| 003 | IN-BaIIA | ||
| 008 | 211028s9999 xx 000 0 eng d | ||
| 020 | _a978-3-319-16141-9 | ||
| 040 | _cIIA Library | ||
| 080 |
_a524.3-54 _bMAC |
||
| 100 |
_aMaciel, W. J _936615 |
||
| 245 | 0 |
_aIntroduction to stellar structure _cW. J Maciel |
|
| 260 |
_aCham _bSpringer _c2016 |
||
| 300 | _axv, 215p. | ||
| 650 |
_aStars - evolution _910853 |
||
| 650 |
_aStars - structure _924278 |
||
| 942 | _cBK | ||
| 999 |
_c19180 _d19180 |
||